Walk by faith [Large Print] / Rosanne Bittner.
Available copies
- 1 of 1 copy available at LARL/NWRL Consortium. (Show)
- 1 of 1 copy available at Northwest Regional Library.
Current holds
0 current holds with 1 total copy.
Show Only Available Copies
| Location | Call Number / Copy Notes | Barcode | Shelving Location | Status | Due Date |
|---|---|---|---|---|---|
| Thief River Falls Public Library | lp BIT (Text) | 35500003644067 | Main | Available | - |
Record details
- ISBN: 1585475939 (library binding : alk. paper)
- Physical Description: 272 p. (large print) ; 23 cm.
- Edition: Large print ed.
- Publisher: Thorndike, Me. : Center Point Publishing, c2005.
Search for related items by subject
| Genre: | Large type books. |
| LDR | 00747cam a22002058a 4500 | ||
|---|---|---|---|
| 001 | 60399 | ||
| 003 | LARL_NWRL_CONSORTIUM | ||
| 005 | 20041228124051.0 | ||
| 008 | 041220r20052005meu d 000 1 eng | ||
| 010 | . | ‡a2004029689 | |
| 020 | . | ‡a1585475939 (library binding : alk. paper) | |
| 040 | . | ‡aDLC ‡cDLC | |
| 082 | 0 | 0. | ‡a813/.54 ‡222 |
| 100 | 1 | . | ‡aBittner, Rosanne, ‡d1945- ‡0(LARL_NWRL_CONSORTIUM)103991 |
| 245 | 1 | 0. | ‡aWalk by faith ‡h[Large Print] / ‡cRosanne Bittner. |
| 250 | . | ‡aLarge print ed. | |
| 260 | . | ‡aThorndike, Me. : ‡bCenter Point Publishing, ‡cc2005. | |
| 300 | . | ‡a272 p. (large print) ; ‡c23 cm. | |
| 655 | 0. | ‡aLarge type books. | |
| 901 | . | ‡a60399 ‡bISxN ‡c60399 ‡tbiblio | |

Add to basket
Permalink
Enable Highlighting